Лесной огород

Λεπτομέρειες βιβλιογραφικής εγγραφής
Κύριος συγγραφέας: Свиридонов Г. М. Геннадий Михайлович
Γλώσσα:Ρωσικά
Έκδοση: Москва, Молодая гвардия, 1984
Σειρά:Эврика !
Θέματα:
Μορφή: Βιβλίο
KOHA link:https://koha.lib.tpu.ru/cgi-bin/koha/opac-detail.pl?biblionumber=99392

MARC

LEADER 00000nam0a2200000 4500
001 99392
005 20231031111705.0
035 |a (RuTPU)RU\TPU\book\106640 
090 |a 99392 
100 |a 20060704d1984 m y0rusy50 ca 
101 0 |a rus 
102 |a RU 
105 |a ao z 001zy 
200 1 |a Лесной огород  |f Г. М. Свиридонов 
210 |a Москва  |c Молодая гвардия  |d 1984 
215 |a 223 с.  |c цв. ил. 
225 1 |a Эврика ! 
320 |a Алфавитный указатель: с. 222-223. 
610 1 |a огород 
675 |a 58  |v 3 
700 1 |a Свиридонов  |b Г. М.  |g Геннадий Михайлович 
801 1 |a RU  |b 63413507  |c 20060704  |g PSBO 
801 2 |a RU  |b 63413507  |c 20071101  |g PSBO 
942 |c BK